000 00706cam a2200193 4500
001 B2971
008 090401t1989 xxu||||| |||| 00| 0 eng d
035 _a(Sirsi) u53289
041 _aeng
050 _a658.202
100 _aFinn, Michael
245 _aOverview of a maintenance investment plan and guidance on the preparation and implementation of a planned maintenance programme for polytechnics and colleges prepared ... for the Polytechnics and Colleges Funding Council Estates Management conference, Nene College on 1 December 1989
260 _aLondon
_bDrivers Jonas
_c1989
300 _a18 leaves ; 30cm.
350 _a0
650 _aESTATE MANAGEMENT
942 _n0
948 _c04/03/1997
999 _c93247
_d93247